Chile Cities Map Quiz - Statistics

General Stats
  • This quiz has been taken 259 times
  • The average score is 5 of 8
Answers on the Map
Answers color-coded by a green-red scale on the quiz's map according to % correct below.
 
Answer Stats
Answer % Correct
Santiago
83%
Arica
77%
Antofagasta
75%
Concepcion
63%
Temuco
61%
La Serena
54%
Iquique
53%
Talca
48%
No matching quizzes found
Score Distribution
Percent of People with Each Score
Percentile by Number Answered
Your Score History
You have not taken this quiz